000
00214nam a22000857a 4500
008
161121b xxu||||| |||| 00| 0 eng d
100
_9
1302
_a
Dixon.F.W.
245
_a
The Hardy Boys
260
_a
Newyork
_b
Pocket Books
_c
1988
999
_c
4016
_d
4016